Brief Survey of the Evolution of Ismailism (Record no. 18497)
[ view plain ]
| 000 -LEADER | |
|---|---|
| fixed length control field | 00575nam a2200241 a 4500 |
| 020 ## - INTERNATIONAL STANDARD BOOK NUMBER | |
| ISBN | |
| 082 00 - DEWEY DECIMAL CLASSIFICATION NUMBER | |
| Classification number | 297.822 |
| Author Cutter | IVA8 |
| 100 ## - MAIN ENTRY--AUTHOR NAME | |
| Author name | Ivanow, |
| 245 ## - TITLE STATEMENT | |
| Title | Brief Survey of the Evolution of Ismailism |
| 260 ## - PUBLICATION, DISTRIBUTION, ETC. (IMPRINT) | |
| Place of publication | Leiden |
| Name of publisher | E.J. Brill |
| Year of publication | 1952 |
| 300 ## - PHYSICAL DESCRIPTION | |
| Number of Pages | 91p |
| 500 ## - GENERAL NOTE | |
| General note | includes index and biblioraphy |
| 505 2# - FORMATTED CONTENTS NOTE | |
| Formatted contents note | Xerox Copy |
| 650 ## - SUBJECT ADDED ENTRY--TOPICAL TERM | |
| Topical Term | Ismailis-Hitory |
| 942 ## - ADDED ENTRY ELEMENTS (KOHA) | |
| Koha item type | Books |
| 700 1# - | |
| -- | Ivanow, |
| Collection code | Home library | Current library | Date acquired | Cost, normal purchase price | Full call number | Accession Number | Koha item type |
|---|---|---|---|---|---|---|---|
| Henry Martyn Institute Library | Henry Martyn Institute Library | 06/29/2007 | 100.00 | 297.822 IVA8 | 11001653 | Books |
